| 000 | 00825nam a22002537a 4500 | ||
|---|---|---|---|
| 005 | 20140313100406.0 | ||
| 008 | 131123b xxu||||| |||| 00| 0 eng d | ||
| 020 | _a9781446201824 | ||
| 022 | _2 | ||
| 050 |
_aHF 5381 _b.Sh554 2012 |
||
| 100 | _aSheward, Steve. | ||
| 245 |
_aMotivational career counselling and coaching : _bcognitive and behavioural approaches / _cSteve Sheward, Rhena Branch. |
||
| 260 |
_aLondon ; Thousand Oaks, Calif. : _bSAGE, _c2012. |
||
| 300 |
_a 206 p. : _bill. ; _c25 cm. |
||
| 504 | _aIncludes Bibliographic References and Index. | ||
| 521 | _aPSYCH | ||
| 650 |
_aVocational guidance _xPsychological aspects. |
||
| 650 | _aCognitive therapy. | ||
| 650 | _aMotivation (Psychology) | ||
| 700 | _aBranch, Rhena. | ||
| 942 |
_2lcc _cBK _kFOR |
||
| 999 |
_c25659 _d25659 |
||